000 01288nam a2200337 i 4500
001 000026933
003 DO-SdBNP
005 20251003093032.0
007 ta
008 110328s2006 dr ac 000 0 spa d
020 _a21212222121121
040 _aDO-SdBNP
_bspa
_cBNPHU
_erda
041 _aspa
049 _a
082 4 _a343.0946
_bR426m
_222
110 1 _aRepública Dominicana.
_bSecretaría de Estado de Obras Públicas y Comunicación
_954033
245 1 0 _aManual de conducción y educación vial de la República Dominicana /
_cprólogo, Juan Miguel Castillo Pantaleón.
246 1 4 _aManual de conducción y seguridad vial de la República Dominicana /
264 1 _aSanto Domingo :
_bDirección General de Transito Terrestre,
_c2006.
300 _a219 páginas :
_bilustraciones, retratos ;
_c25 cm.
336 _atexto
_btxt
_2rdacontent
337 _asin mediación
_bn
_2rdamedia
338 _avolumen
_bnc
_2rdacarrier
590 _aInventariado, 2020/VM
650 4 _aConducción de automóviles
_vManuales
_977293
650 4 _aSeñales de tránsito
_vManuales
_977294
650 4 _aReglamentos de tránsito
_zRepública Dominicana
_977295
700 1 _aCastillo Pantaleón, Juan Miguel,
_eprologuista
_4pr.
_954034
910 _aVMateo
942 _2ddc
_cLBS1
999 _c26425
_d26425